000 01138cam a2200289 a 4500
001 13633164
005 20180313053712.0
008 040622s2004 nyuab 000 0 eng c
010 _a 2004109358
020 _a0446532681
035 _a(OCoLC)ocm56479080
040 _aMiD
_cMiD
_dOMarion
_dOCoLC
_dViNSC
_dDLC
041 _aeng
042 _apcc
043 _an-us---
080 _a818.5407 jon
082 0 0 _a818.5407 jon
_222
100 1 _a16
101 _ahis
245 1 0 _aAmerica (the book) :
_cwritten and edited by Jon Stewart, Ben Karlin, David Javerbaum ; writers, Rich Blomquist ... [et al.] ; additional material, Samantha Bee ... [et al.] ; with a foreword by Thomas Jefferson.
246 3 _aAmerica
246 3 0 _aCitizen's guide to democracy inaction
246 1 4 _aDaily show with Jon Stewart presents America (the book)
906 _a7
_bcbc
_cpccadap
_d1
_eepcn
_f20
_gy-gencatlg
942 _2ddc
_cBK
999 _c44861
_d44861